Les Philippe célèbres - Statistiques

Statistiques générales
  • Ce quiz a été pris 101 fois
  • Le résultat moyen est 4 sur 20
Statistiques - réponses
Par images Réponse % Correct
Philippe Pétain
91%
Philippe Noiret
53%
Philippe Bouvard
51%
Philippe de Dieuleveult
41%
Philippe Léotard
38%
Philippe Labro
36%
Philippe Gilbert
26%
Philippe Castelli
20%
Philippe II de Habsbourg
19%
Phil Collins
16%
Philippe Chatrier
16%
Philippe de Villiers
8%
Philippe Caubère
7%
Philippe Jeantot
6%
Filippo Ganna
4%
Philippe de Broca
4%
Philippe le Hardi
4%
Saint Philippe Neri
3%
Phil Anderson
2%
Philippe Ariès
1%
Aucun quiz correspondant
Distribution des résultats
% des personnes avec chaque résultat
Percentile par nombre de réponses
Votre historique - résultats
Vous n’avez pas pris ce quiz